00304nam a22001217a 4500008004100000082001200041100001600053245004100069260002900110270002700139300001000166490000600176230822b ||||| |||| 00| 0 eng d a900-GHO aGhosh, A.K. aLegends from Indian HistoryhEnglish aDelhibA.I.C.B. cRohini aA.I.C.B. Rohini, Delhi a12x13 v1